| 000 | 00714cam a22002411 4500 | ||
|---|---|---|---|
| 001 | med47001619 | ||
| 003 | DLC | ||
| 005 | 20260227111602.0 | ||
| 008 | 750909s1946 gau 000 0 eng | ||
| 010 | _amed47001619 | ||
| 035 | _a(OCoLC)1613264 | ||
| 040 |
_aDLC _cFMU _dOCoLC _dDLC |
||
| 042 | _apremarc | ||
| 050 | 0 | 0 |
_aRA445 _b.D5 |
| 082 | _a614.0975 | ||
| 100 | 1 |
_aDickins, Dorothy, _d1898-1975. |
|
| 245 | 1 | 0 |
_aWanted: a healthy South, _cby Dorothy Dickens [!]... |
| 260 |
_aAtlanta, Ga., _bSouthern regional council, inc., _cc1946. |
||
| 300 |
_a30 p. _billus., diagrs. _c23 cm. |
||
| 500 | _aOn cover: No. 6. | ||
| 651 | 0 |
_aSouthern States _xSanitary affairs. |
|
| 650 | 0 |
_aPublic health _zUnited States. |
|
| 999 |
_c38348 _d38348 |
||